| 000 | 00588nam a2200193Ia 4500 | ||
|---|---|---|---|
| 003 | GCL | ||
| 008 | 140319s9999 xx 000 0 eng d | ||
| 040 |
_aGCL / _cGCL |
||
| 082 | 0 | 4 |
_a341.42 _bU D |
| 100 | 1 | _aUNITED NATIONS | |
| 245 | 1 | 0 |
_aDEMARCATION OF THE INTERNATIONAL BOUNDARY BETWEEN THE STATE OF KUWAIT AND THE REPUBLIC OF IRAQ / _cUNITED NATIONS |
| 260 |
_a[S.N] : _bCENTER FOR RESEARCH AND STUDIES |
||
| 300 | _a186 P | ||
| 650 | 0 | 4 | _aKUWAIT |
| 650 | 0 | 4 | _aKUWAIT - IRAQ |
| 650 | 0 | 4 | _aKUWAIT - INTERNATIONAL BOUDARY |
| 650 | 0 | 4 | _aIRAQ INTERNATIONAL BOUDARY |
| 942 |
_2ddc _cBK |
||
| 999 |
_c11388 _d11388 |
||